00905nam a2200205 a 450000100100000000500170001000800410002702000150006804000250008308200160010811000860012424500330021026000350024330000410027804900090031995201200032895201140044895201200056299900170068200003014720200930060101.0110503s2000 dr abc 000 0 spa d a9993482161 aDO-SdBNPbspacBNPHU axxxxbR426c1 aRepública Dominicana.bCentro para el Desarrollo Agropecuario y Forestal95685610aCEDAF 1999 :bmemoria anual. aSanto Domingo :bCEDAF,c2000. a61 p. :bil., mapa, retrs. ;c27 cm. aBNPD 0010718DSaGRbGRcCTd2011-05-18iLF1l0oxxxx R426cp30147-30r2020-06-25te. 3w2020-06-25yLFDSZNo se presta 0010718PDaPDbPDcCTd2011-05-03iLF1l0oxxxx R426cp30147-10r2020-06-25w2020-06-25yLFPDZNo se presta 0010718PDaPDbPDcCTd2011-05-05iLF1l0oxxxx R426cp30147-20r2020-06-25te. 2w2020-06-25yLFPDZNo se presta c29639d29639